Normal view
MARC view
- ابو غزالة، محمد عبدالحليم
Entry Personal Name
001 - CONTROL NUMBER
- control field: 16149
003 - CONTROL NUMBER IDENTIFIER
- control field: JO-AjAnu
005 - DATE AND TIME OF LATEST TRANSACTION
- control field: 20230606072857.0
008 - FIXED-LENGTH DATA ELEMENTS
- fixed length control field: 230606|| aca||aabn | a|a d
040 ## - CATALOGING SOURCE
- Original cataloging agency: JO-AjAnu
- Transcribing agency: JO-AjAnu
100 ## - HEADING--PERSONAL NAME
- Personal name: ابو غزالة، محمد عبدالحليم
670 ## - SOURCE DATA FOUND
- Source citation: Work cat.: (JO-AjAnu)8290: ابو غزالة، محمد عبدالحليم, author, استخدام الطرق الرياضية في الاعمال الحربية